| 000 | 01282cad a22003375a 4500 | ||
|---|---|---|---|
| 001 | L158721 | ||
| 008 | 101207s2012 xxk 000 0 eng u | ||
| 035 | _a(Sirsi) u158721 | ||
| 041 | 0 | _aeng | |
| 050 | 0 | 4 | _a333.332 $2 18 |
| 110 | 2 |
_aRoyal Institution of Chartered Surveyors _94900 |
|
| 240 | 0 | 5 | _aRICS building survey |
| 245 | 0 | 5 |
_aRICS building survey _bDescription and standard terms of engagement _h[electronic resource] |
| 260 |
_aCoventry _bRICS _c2012 |
||
| 490 | 0 | _aRICS Conditions of Engagement | |
| 505 | 2 | _aDescription of the RICS Building Survey Service -- Standard terms of engagement | |
| 520 | _aRICS Home Surveys resources http://www.rics.org/uk/knowledge/home-survey-suite/home-surveys-resources/ | ||
| 521 | _aAdvanced | ||
| 590 | _aKA | ||
| 650 | 2 | 4 | _aBUILDING SURVEY |
| 650 | 2 | 4 | _aTERMS OF ENGAGEMENT |
| 651 | 4 |
_aEngland _y886- |
|
| 651 | 4 |
_aWales _y2007- |
|
| 651 | 4 |
_aNorthern Ireland _y2007- |
|
| 651 | 4 | _aChannel Islands | |
| 651 | 4 | _aIsle of Man | |
| 690 |
_aValuation _96273 |
||
| 690 |
_aBuilding surveying _96225 |
||
| 856 | 4 | 1 |
_uhttps://www.rics.org/Global/RICS%20Building%20Survey%20-%20Description%20and%20standard%20terms%20of%20engagment.pdf _zView the item free of charge (member-only content) at www.rics.org... |
| 942 | _n0 | ||
| 999 |
_c115476 _d115476 |
||